Drug Formulary (Record no. 249154)

MARC details
000 -LEADER
fixed length control field 00349pam a2200145a 44500
008 - FIXED-LENGTH DATA ELEMENTS--GENERAL INFORMATION
fixed length control field 230405s2018 xxu||||| |||| 00| 0 eng d
020 ## - INTERNATIONAL STANDARD BOOK NUMBER
International Standard Book Number 9789352701896
Terms of availability Rs.720/-
082 ## - DEWEY DECIMAL CLASSIFICATION NUMBER
Classification number 615.13
Item number GEO
100 ## - MAIN ENTRY--PERSONAL NAME
Personal name George,Mthew
245 ## - TITLE STATEMENT
Title Drug Formulary
260 ## - PUBLICATION, DISTRIBUTION, ETC.
Place of publication, distribution, etc. New Delhi
Name of publisher, distributor, etc. Jaypee Pub
Date of publication, distribution, etc. 2018
300 ## - PHYSICAL DESCRIPTION
Extent 612 p.
502 ## - DISSERTATION NOTE
Dissertation note text
906 ## - LOCAL DATA ELEMENT F, LDF (RLIN)
a 004145

No items available.